000 00194nam a2200085Ia 4500
008 170617s9999 xx 000 0 und d
100 _aBoyd Morrison
245 0 _aOrganic Chemistry
260 _bPrintice Hall
260 _c2006
999 _c15098
_d15098